Экспериментальное определение жесткостей гирокамеры; Ленинградский ин-т авиационного приборостроения. Труды; Вып. 44

Bibliographic Details
Parent link:Ленинградский ин-т авиационного приборостроения. Труды
Вып. 44.— 1967.— С. 100-104
Main Author: Камашев Ю. М.
Other Authors: Сазонов А. В.
Language:Russian
Published: 1967
Subjects:
Format: Book Chapter
KOHA link:https://koha.lib.tpu.ru/cgi-bin/koha/opac-detail.pl?biblionumber=590845

MARC

LEADER 00000naa0a2200000 4500
001 590845
005 20250103161110.0
035 |a (RuTPU)RU\TPU\tpu\392 
035 |a TPU00000392 
090 |a 590845 
100 |a 20011210d1967 k||y0rusy50 ca 
101 0 |a rus 
102 |a RU 
200 1 |a Экспериментальное определение жесткостей гирокамеры  |f Ю. М. Камашев, А. В. Сазонов 
461 |t Ленинградский ин-т авиационного приборостроения. Труды 
463 |t Вып. 44  |v С. 100-104  |d 1967 
610 1 |a механика 
610 1 |a гидромеханика 
610 1 |a аэромеханика 
610 1 |a труды учёных ТПУ 
700 1 |a Камашев  |b Ю. М. 
701 1 |a Сазонов  |b А. В. 
801 0 |a RU  |b 63413507  |c 20011210  |g PSBO 
801 2 |a RU  |b 63413507  |c 20050524  |g PSBO 
942 |c CR